000 00676nam a2200193 a 4500
001 1697
005 20140414131854.0
008 001113s19uu xx 00 eng d
020 _a0-86227-706-X
050 _aM 398.2
_bT78 1991
100 _aMcKie, Anne
245 _aA treasury of favourite tales /
_cillustrated by Ken McKie.
260 _aLondon :
_bGrandreams,
_c1991.
300 _a86 p. : ill. ; cm.
520 _aContents: Sinbad, The three little pigs, The Ugly duckling, Peter Pan, Jack and the beanstalk, The Princess and the pea, Hansel and Gretel, the Pied Piper of Hamelin
650 _aCollections of Literature.
650 _aStories.
999 _c110352
_d110352